Snoopy's Siblings Quiz Stats

 Plays Quiz Updated Mar 27, 2020

     
Support Sporcle.
Go Orange.
Score 0/5 Timer 02:00
0 Plays Today
% Correct
Spike
95.4%
Olaf
49.6%
Belle
42.8%
Andy
41.4%
Marbles
36.5%

From the Vault

Books Without Buildings

by Studogc

This is what happens when you write a book without the proper permits.
Remove Ads.
Support Sporcle.
Get the best of Sporcle when you Go Orange. This ad-free experience offers more features, more stats, and more fun while also helping to support Sporcle. Thank you for becoming a member.

Show Comments

Extras

Top Quizzes Today


Score Distribution

Your Account Isn't Verified!

In order to create a playlist on Sporcle, you need to verify the email address you used during registration. Go to your Sporcle Settings to finish the process.

Report this User

Report this user for behavior that violates our Community Guidelines.

Details: